Motivace pracovníků a nábor v podnicích.

Obsah dlhodobého programu motivácie pracovníkov podniku. Tri etapy motivačného programu (analýza motivačnej štruktúry, formulácia cieľov stabilizačného programu, vytvorenie modelu stabilizácie a motivácie). Stabilizačné faktory. Rozbory fluktuácie. Motivačný program.

Gespeichert in:
Bibliographische Detailangaben
1. Verfasser: Stýblo, Jiří
Format: Buchkapitel
Sprache:Tschechisch
Schlagworte:
Tags: Tag hinzufügen
Keine Tags, Fügen Sie das erste Tag hinzu!

MARC

LEADER 00000naa a2200000 4500
001 r004879
005 20221125081317.5
041 0 |a cze 
044 |a [CS] 
245 1 0 |a Motivace pracovníků a nábor v podnicích.  |c Jiří Stýblo 
520 |a Obsah dlhodobého programu motivácie pracovníkov podniku. Tri etapy motivačného programu (analýza motivačnej štruktúry, formulácia cieľov stabilizačného programu, vytvorenie modelu stabilizácie a motivácie). Stabilizačné faktory. Rozbory fluktuácie. Motivačný program. 
610 2 0 |a motivácia 
610 2 0 |a fluktuácia 
610 2 0 |a nábor pracovníkov 
610 2 0 |a ČSFR 
610 2 0 |a podnik 
100 1 |a Stýblo, Jiří